000 00774nam a2200229 i 4500
003 DO-SdBNP
005 20240822155046.0
007 ta
008 240822b1895 dr a|||| |||| 00| 0 spa d
040 _aDO-SdBNP
_bspa
_cBNPHU
_erda
082 4 _222
245 0 3 _aEl manifesto de Monte Cristi :
_btestamento político de José Martí
264 _aSanto Domingo :
_bGobierno de Concentración Nacional,
_c1895.
300 _a38 páginas :
_bilustraciones ;
_c21 cm.
336 _2rdacontent
_atexto
_btxt
337 _2rdamedia
_asin mediación
_bn
338 _2rdacarrier
_avolumen
_bnc
500 _aRedactado y firmado en Monte Cristi por José Martí y Máximo Gómez, el 25 de marzo de 1895.
590 _aInventariado, 2024/BT
910 _aBtavárez
942 _2ddc
_cLF2
999 _c57535
_d57535